| 000 | 01033nam0a2200301 4500 | ||
|---|---|---|---|
| 001 | RU\NLR\bibl\1212764 | ||
| 005 | 20260405115639.0 | ||
| 010 | _a978-5-91282-005-2 | ||
| 010 |
_a5-91282-005-X _95000 |
||
| 021 |
_aRU _b2008-12123 _9662 |
||
| 035 | _a(NLR Aleph) 001199170 | ||
| 090 |
_a1765583 _c1765583 |
||
| 100 | _a20080410d2007 |||y0rusy50 ca | ||
| 101 | 0 | _arus | |
| 102 | _aRU | ||
| 105 | _aa ||||||||| | ||
| 200 | 1 |
_aПушистые зверята _e[для чтения взрослыми детям _fК. Северинцев[!] |
|
| 210 |
_a[Ростов-на-Дону] _cСлово _d2007 |
||
| 215 |
_a[10] с. _cцв. ил. _d22 |
||
| 225 | 1 |
_aСолнышко _eв 80 т. _vт. 44 |
|
| 225 | 1 | _aДля самых маленьких | |
| 300 | _aАвт. указ. в вып. дан. | ||
| 700 | 1 |
_4070 _8rus _7ca _aСеверинец _bК. _f1952- _gКонстантин _3RU\NLR\auth\7745993 _928928 |
|
| 801 | 0 |
_aRU _bNLR _c20080410 _gRCR |
|
| 801 | 1 |
_aRU _bNLR _c20080410 |
|
| 942 | _cBOOK | ||
| 980 | _aNB | ||